Losowe 5 Państw Europy i Podpowiedzi. - Statystyki

Ogólne statystyki
  • Ten quiz został rozwiązany 35 razy
  • Średni wynik to 21 z 25
Statystyki odpowiedzi
Nazwa grupy Podpowiedź Odpowiedź % Poprawnych
Ukryte państwo Ilość sąsiadów 0
100%
Ukryte państwo Ilość sąsiadów 1
100%
Ukryte państwo Ilość sąsiadów 1
100%
Ukryte państwo Ilość sąsiadów 1
100%
Ukryte państwo Ilość sąsiadów 1
100%
Ukryte państwo Ilość sąsiadów 1
100%
Ukryte państwo Ilość sąsiadów 11
100%
Ukryte państwo Ilość sąsiadów 2
100%
Ukryte państwo Ilość sąsiadów 2
100%
Ukryte państwo Ilość sąsiadów 2
100%
Ukryte państwo Ilość sąsiadów 2
100%
Ukryte państwo Ilość sąsiadów 2
100%
Ukryte państwo Ilość sąsiadów 3
100%
Ukryte państwo Ilość sąsiadów 3
100%
Ukryte państwo Ilość sąsiadów 3
100%
Ukryte państwo Ilość sąsiadów 3
100%
Ukryte państwo Ilość sąsiadów 3
100%
Ukryte państwo Ilość sąsiadów 3
100%
Ukryte państwo Ilość sąsiadów 4
100%
Ukryte państwo Ilość sąsiadów 4
100%
Ukryte państwo Ilość sąsiadów 4
100%
Ukryte państwo Ilość sąsiadów 4
100%
Ukryte państwo Ilość sąsiadów 4
100%
Ukryte państwo Ilość sąsiadów 4
100%
Ukryte państwo Ilość sąsiadów 5
100%
Ukryte państwo Ilość sąsiadów 5
100%
Ukryte państwo Ilość sąsiadów 5
100%
Ukryte państwo Ilość sąsiadów 5
100%
Ukryte państwo Ilość sąsiadów 5
100%
Ukryte państwo Ilość sąsiadów 6
100%
Ukryte państwo Ilość sąsiadów 7
100%
Ukryte państwo Ilość sąsiadów 7
100%
Ukryte państwo Ilość sąsiadów 7
100%
Ukryte państwo Ilość sąsiadów 8
100%
Ukryte państwo Ilość sąsiadów 8
100%
Ukryte państwo Język/i Albański/Serbski
100%
Ukryte państwo Państwo Andora
100%
Ukryte państwo Język/i Angielski
100%
Ukryte państwo Państwo Austria
100%
Ukryte państwo Język/i Bośniacki/Chorwacki
100%
Ukryte państwo Państwo Bośnia i Hercegowina
100%
Ukryte państwo Państwo Czechy
100%
Ukryte państwo Język/i Czeski
100%
Ukryte państwo Waluta Euro
100%
Ukryte państwo Waluta Euro
100%
Ukryte państwo Waluta Euro
100%
Ukryte państwo Waluta Euro
100%
Ukryte państwo Waluta Euro
100%
Ukryte państwo Waluta Euro
100%
Ukryte państwo Waluta Euro
100%
Ukryte państwo Waluta Euro
100%
Ukryte państwo Waluta Euro
100%
Ukryte państwo Waluta Euro
100%
Ukryte państwo Waluta Euro
100%
Ukryte państwo Waluta Euro
100%
Ukryte państwo Waluta Euro
100%
Ukryte państwo Waluta Euro
100%
Ukryte państwo Waluta Euro
100%
Ukryte państwo Waluta Euro
100%
Ukryte państwo Waluta Euro
100%
Ukryte państwo Waluta Euro
100%
Ukryte państwo Waluta Euro
100%
Ukryte państwo Waluta Euro
100%
Ukryte państwo Waluta Euro
100%
Ukryte państwo Kontynent Europa
100%
Ukryte państwo Kontynent Europa
100%
Ukryte państwo Kontynent Europa
100%
Ukryte państwo Kontynent Europa
100%
Ukryte państwo Kontynent Europa
100%
Ukryte państwo Kontynent Europa
100%
Ukryte państwo Kontynent Europa
100%
Ukryte państwo Kontynent Europa
100%
Ukryte państwo Kontynent Europa
100%
Ukryte państwo Kontynent Europa
100%
Ukryte państwo Kontynent Europa
100%
Ukryte państwo Kontynent Europa
100%
Ukryte państwo Kontynent Europa
100%
Ukryte państwo Kontynent Europa
100%
Ukryte państwo Kontynent Europa
100%
Ukryte państwo Kontynent Europa
100%
Ukryte państwo Kontynent Europa
100%
Ukryte państwo Kontynent Europa
100%
Ukryte państwo Kontynent Europa
100%
Ukryte państwo Kontynent Europa
100%
Ukryte państwo Kontynent Europa
100%
Ukryte państwo Kontynent Europa
100%
Ukryte państwo Kontynent Europa
100%
Ukryte państwo Kontynent Europa
100%
Ukryte państwo Kontynent Europa
100%
Ukryte państwo Kontynent Europa
100%
Ukryte państwo Kontynent Europa
100%
Ukryte państwo Kontynent Europa
100%
Ukryte państwo Kontynent Europa
100%
Ukryte państwo Kontynent Europa
100%
Ukryte państwo Kontynent Europa
100%
Ukryte państwo Kontynent Europa
100%
Ukryte państwo Kontynent Europa
100%
Ukryte państwo Kontynent Europa
100%
Ukryte państwo Kontynent Europa
100%
Ukryte państwo Kontynent Europa
100%
Ukryte państwo Kontynent Europa
100%
Ukryte państwo Kontynent Europa/Azja
100%
Ukryte państwo Państwo Finlandia
100%
Ukryte państwo Język/i Fiński/Szwedzki
100%
Ukryte państwo Państwo Francja
100%
Ukryte państwo Język/i Francuski
100%
Ukryte państwo Waluta Frank Szwajcarski
100%
Ukryte państwo Państwo Irlandia
100%
Ukryte państwo Język/i Irlandzki/Angielski
100%
Ukryte państwo Państwo Islandia
100%
Ukryte państwo Język/i Islandzki
100%
Ukryte państwo Język/i Kataloński
100%
Ukryte państwo Waluta Korona Czeska
100%
Ukryte państwo Waluta Korona Szwedzka
100%
Ukryte państwo Państwo Kosowo
100%
Ukryte państwo Język/i Łacina/Włoski
100%
Ukryte państwo Język/i Łotewski
100%
Ukryte państwo Państwo Łotwa
100%
Ukryte państwo Język/i Niemiecki
100%
Ukryte państwo Język/i Niemiecki/Francuski
100%
Ukryte państwo Państwo Polska
100%
Ukryte państwo Język/i Polski
100%
Ukryte państwo Państwo Portugalia
100%
Ukryte państwo Język/i Portugalski
100%
Ukryte państwo Państwo San Marino
100%
Ukryte państwo Państwo Serbia
100%
Ukryte państwo Język/i Serbski
100%
Ukryte państwo Państwo Słowenia
100%
Ukryte państwo Język/i Słoweński
100%
Ukryte państwo Państwo Szwajcaria
100%
Ukryte państwo Państwo Szwecja
100%
Ukryte państwo Język/i Szwedzki
100%
Ukryte państwo Państwo Watykan
100%
Ukryte państwo Język/i Węgierski
100%
Ukryte państwo Państwo Węgry
100%
Ukryte państwo Państwo Wielka Brytania
100%
Ukryte państwo Ukryte państwo Włochy
100%
Ukryte państwo Język/i Włoski
100%
Ukryte państwo Język/i Włoski
100%
Ukryte państwo Waluta Złoty
100%
Ukryte państwo Ilość sąsiadów 4
88%
Ukryte państwo Waluta Euro
88%
Ukryte państwo Kontynent Europa
88%
Ukryte państwo Ilość sąsiadów 14
86%
Ukryte państwo Kontynent Europa
86%
Ukryte państwo Państwo Rosja
86%
Ukryte państwo Język/i Rosyjski
86%
Ukryte państwo Państwo Dania
80%
Ukryte państwo Język/i Duński
80%
Ukryte państwo Waluta Korona Duńska
80%
Ukryte państwo Państwo Liechtenstein
80%
Ukryte państwo Język/i Niemiecki
80%
Ukryte państwo Ilość sąsiadów 4
75%
Ukryte państwo Waluta Euro
75%
Ukryte państwo Kontynent Europa
75%
Ukryte państwo Państwo Grecja
75%
Ukryte państwo Język/i Grecki
75%
Ukryte państwo Państwo Hiszpania
75%
Ukryte państwo Język/i Hiszpański
75%
Ukryte państwo Państwo Litwa
75%
Ukryte państwo Ilość sąsiadów 5
67%
Ukryte państwo Ilość sąsiadów 9
67%
Ukryte państwo Państwo Albania
67%
Ukryte państwo Język/i Albański
67%
Ukryte państwo Państwo Chorwacja
67%
Ukryte państwo Język/i Chorwacki
67%
Ukryte państwo Waluta Euro
67%
Ukryte państwo Kontynent Europa
67%
Ukryte państwo Państwo Niderlandy
67%
Ukryte państwo Państwo Niemcy
67%
Ukryte państwo Język/i Niemiecki
67%
Ukryte państwo Państwo Norwegia
67%
Ukryte państwo Język/i Norweski
67%
Ukryte państwo Język/i Litewski
63%
Ukryte państwo Ilość sąsiadów 5
57%
Ukryte państwo Waluta Rubel Rosyjski
57%
Ukryte państwo Ilość sąsiadów 0
50%
Ukryte państwo Państwo Belgia
50%
Ukryte państwo Państwo Czarnogóra
50%
Ukryte państwo Język/i Czarnogórski
50%
Ukryte państwo Waluta Dinar Serbski
50%
Ukryte państwo Waluta Forint
50%
Ukryte państwo Język/i Francuski/Włoski
50%
Ukryte państwo Waluta Lej Mołdawii
50%
Ukryte państwo Państwo Luksemburg
50%
Ukryte państwo Język/i Luksemburski/Francuski
50%
Ukryte państwo Państwo Malta
50%
Ukryte państwo Język/i Maltański/Angielski
50%
Ukryte państwo Państwo Mołdawia
50%
Ukryte państwo Państwo Monako
50%
Ukryte państwo Język/i Rumuński/Rosyjski
50%
Ukryte państwo Państwo Słowacja
50%
Ukryte państwo Język/i Słowacki
50%
Ukryte państwo Państwo Ukraina
50%
Ukryte państwo Język/i Ukraiński
50%
Ukryte państwo Państwo Białoruś
33%
Ukryte państwo Język/i Białoruski/Rosyjski
33%
Ukryte państwo Waluta Funt Szterling
33%
Ukryte państwo Waluta Korona Norweska
33%
Ukryte państwo Waluta Lek
33%
Ukryte państwo Język/i Niderlandzki/Fryzyjski
33%
Ukryte państwo Waluta Rubel Białoruski
33%
Ukryte państwo Waluta Hrywna
25%
Ukryte państwo Język/i Niderlandzki/Francuski
25%
Ukryte państwo Waluta Frank Szwajcarski
20%
Ukryte państwo Państwo Bułgaria
14%
Ukryte państwo Język/i Bułgarski
14%
Ukryte państwo Ilość sąsiadów 2
0%
Ukryte państwo Ilość sąsiadów 5
0%
Ukryte państwo Ilość sąsiadów 5
0%
Ukryte państwo Waluta Dinar
0%
Ukryte państwo Państwo Estonia
0%
Ukryte państwo Język/i Estoński
0%
Ukryte państwo Waluta Euro
0%
Ukryte państwo Kontynent Europa
0%
Ukryte państwo Kontynent Europa
0%
Ukryte państwo Kontynent Europa
0%
Ukryte państwo Waluta Korona islandzka
0%
Ukryte państwo Waluta Lej
0%
Ukryte państwo Waluta Lew
0%
Ukryte państwo Państwo Macedonia Północna
0%
Ukryte państwo Język/i Macedoński/Albański
0%
Ukryte państwo Waluta Marka zamienna
0%
Ukryte państwo Państwo Rumunia
0%
Ukryte państwo Język/i Rumuński
0%
Nie znaleziono quizów pasujących do podanych kryteriów
Rozkład punktacji
Procent ludzi z każdym wynikiem
Percentyl według liczby udzielonych odpowiedzi
Twoja historia wyników
Nie rozwiązałeś tego quizu